FOOD FACTS AND PRINCIPLES (Record no. 12089)

MARC details
000 -LEADER
fixed length control field 00289nam a22001337a 4500
003 - CONTROL NUMBER IDENTIFIER
control field SGT
082 ## - DEWEY DECIMAL CLASSIFICATION NUMBER
Classification number 641.3
Item number F17M
100 ## - MAIN ENTRY--PERSONAL NAME
Personal name MANAY, N SHAKUNTLA
245 ## - TITLE STATEMENT
Title FOOD FACTS AND PRINCIPLES
250 ## - EDITION STATEMENT
Edition statement 3RD
260 ## - PUBLICATION, DISTRIBUTION, ETC. (IMPRINT)
Place of publication, distribution, etc DELHI
Name of publisher, distributor, etc NEW AGE PUB.
Year of Publication 2017
300 ## - PAGE DESCRIPTION
No. of Pages 490
942 ## - ADDED ENTRY ELEMENTS (KOHA)
Source of classification or shelving scheme Dewey Decimal Classification
Koha item type Books
942 ## - ADDED ENTRY ELEMENTS (KOHA)
-- 9
Holdings
Withdrawn status Lost status Source of classification or shelving scheme Damaged status Not for loan Collection code Home library Current library Shelving location Date acquired Vendor Name Cost, normal purchase price SGTU Bill Number Total Checkouts Full call number Accession No. (Barcode) Date last seen Date last borrowed Bill Date Koha item type
    Dewey Decimal Classification     MEDICAL SGT Medical Library SGT Medical Library Text Book 29/06/2017 ABC 475.00 SGTU 8041 1 641.3 F17M FM8653 17/03/2025 24/02/2025 11/04/2017 Books
    Dewey Decimal Classification     MEDICAL SGT Medical Library SGT Medical Library Text Book 29/06/2017 ABC 475.00 SGTU 8041 3 641.3 F17M FM8654 20/08/2024 05/08/2024 11/04/2017 Books
    Dewey Decimal Classification     MEDICAL SGT Medical Library SGT Medical Library Text Book 29/06/2017 ABC 475.00 SGTU 8041 6 641.3 F17M FM8655 24/02/2025 10/02/2025 11/04/2017 Books
    Dewey Decimal Classification     MEDICAL SGT Medical Library SGT Medical Library Text Book 29/06/2017 ABC 475.00 SGTU 8041 3 641.3 F17M FM8656 30/09/2025 17/09/2025 11/04/2017 Books
    Dewey Decimal Classification     MEDICAL SGT Medical Library SGT Medical Library Text Book 29/06/2017 ABC 475.00 SGTU 8041 1 641.3 F17M FM8657 20/08/2024 05/08/2024 11/04/2017 Books